-cle Definitions Quiz Stats

 Plays Quiz Updated Sep 11, 2017

Also try: -ord Definitions
Challenge
Share
Tweet
Embed
Score 0/15 Timer 04:00
2 Plays Today
% Correct
Uncle
96.8%
Recycle
96.6%
Vehicle
96.4%
Sporcle
96.4%
Obstacle
96.1%
Chronicle
95.6%
Muscle
95.5%
Spectacle
94%
% Correct
Monocle
93.3%
Miracle
93.1%
Pinnacle
92.4%
Debacle
91.9%
Circumcircle
84.1%
Ossicle
81%
Macle
73.8%

You're not logged in!

Compare scores with friends on all Sporcle quizzes.
OR
Log In

You Might Also Like...

Show Comments

Extras

Top Quizzes Today


Score Distribution

Your Account Isn't Verified!

In order to create a playlist on Sporcle, you need to verify the email address you used during registration. Go to your Sporcle Settings to finish the process.

Report this User

Report this user for behavior that violates our Community Guidelines.

Details: